Sabrina Carpenter - Chansons commençant par H - Statistiques

Statistiques générales
  • Ce quiz a été pris 4 fois
  • Le résultat moyen est 2 sur 5
Statistiques - réponses
Hint Réponse % Correct
H Honeymoon Fades
67%
H House Tour
67%
H how many things
67%
H Hold Tight
33%
H Have Yourself a Merry Little Christmas
0%
Aucun quiz correspondant
Distribution des résultats
% des personnes avec chaque résultat
Percentile par nombre de réponses
Votre historique - résultats
Vous n’avez pas pris ce quiz